000 00614nam a2200229Ia 4500
003 OSt
005 20220926013139.0
006 a|||||r|||| 00| 0
007 ta
008 220923b |||||||| |||| 00| 0 eng d
037 _cGeneral Book
040 _aRTL
_cRTL
_beng
041 _2eng
_aeng
082 _aX:8, K8
100 _aEwing David W. Ed.
_9317859
245 0 _aPractice of planning
260 _aNew York
_bHarper and Row U. S. A.
_c1968
300 _aviii, 149p.
_ccm.
650 _aManagement
_930681
942 _hX:8, K8
_cGB
_2CC
999 _c625238
_d625238